| 000 | 00722cam a2200229 a 4500 | ||
|---|---|---|---|
| 001 | 000015806 | ||
| 005 | 20260428112120.0 | ||
| 008 | 841018s1982 cu b 000 0 spa | ||
| 035 | _a(DLC) 84228841 | ||
| 040 |
_aDO-SdBNP _bspa _cBNPHU _dDLC |
||
| 082 |
_a070.43 _bC117a |
||
| 100 | 1 |
_aCabrera, Luis Rolando. _935564 |
|
| 245 | 1 | 0 |
_aAnatomía del reportaje / _cLuis Rolando Cabrera ; edición José Limia González. |
| 260 |
_aSantiago, Cuba : _bOriente, _c1982. |
||
| 300 |
_a114 p. ; _c23 cm. |
||
| 504 | _aBibliografía: p. 111. | ||
| 650 | 0 |
_aReportajes _955 |
|
| 650 | 4 |
_aPeriodismo investigativo _935 |
|
| 700 | 1 |
_aLimia González, José, _eed. _935565 |
|
| 910 | _aCatalogación por copia / LC | ||
| 049 | _aBNGR | ||
| 999 |
_c15352 _d15352 |
||